[Event "Bodenmais op"]
[Site "Bodenmais"]
[Date "2022.07.30"]
[Round "1"]
[White "Dosch, Markus"]
[Black "Loeffler, Markus"]
[Result "0-1"]
[WhiteElo "1791"]
[BlackElo "2278"]
[PlyCount "66"]
[EventDate "2022.07.30"]
[EventType "swiss"]
[EventRounds "9"]
[EventCountry "GER"]
[SourceTitle "CBM 209 Extra"]
[Source "ChessBase"]
[SourceDate "2022.09.30"]
[SourceVersion "1"]
[SourceVersionDate "2022.09.30"]
[SourceQuality "1"]

1. d4 Nf6 2. c4 e6 3. Nc3 Bb4 4. Bg5 c5 5. d5 d6 6. e4 Bxc3+ 7. bxc3 h6 8. Bxf6 Qxf6 9. Qd2 0-0 10. Bd3 Nd7 11. f4 Re8 12. Ne2 exd5 13. exd5 Nb6 14. 0-0 Qe7 15. Rf3 Bg4 16. Rg3 Bxe2 17. Re1 Qh4 18. Bxe2 Re4 19. Rg4 Nxc4 20. Rxh4 Nxd2 21. Rg4 Rae8 22. Kf2 h5 23. Rh4 g6 24. g3 b6 25. f5 Rxh4 26. gxh4 Ne4+ 27. Kf1 Nxc3 28. fxg6 Rxe2 29. gxf7+ Kxf7 30. Rxe2 Nxe2 31. Kxe2 Kf6 32. Kd3 Ke5 33. Ke3 Kxd5 0-1

[Event "Arber op 8th"]
[Site "Bodenmais"]
[Date "2019.08.03"]
[Round "8"]
[White "Dosch, Markus"]
[Black "Van der Meiden, Dirk"]
[Result "0-1"]
[WhiteElo "1787"]
[BlackElo "1992"]
[PlyCount "42"]
[EventDate "2019.07.27"]
[EventType "swiss"]
[EventRounds "9"]
[EventCountry "GER"]
[SourceTitle "CBM 191 Extra"]
[Source "ChessBase"]
[SourceDate "2019.09.30"]
[SourceVersion "1"]
[SourceVersionDate "2019.09.30"]
[SourceQuality "1"]

1. d4 Nf6 2. c4 e6 3. Nc3 Bb4 4. Qc2 b6 5. e4 Bb7 6. Bd3 0-0 7. Nf3 Bxc3+ 8. bxc3 h6 9. g4 Nxg4 10. h3 Nf6 11. Rg1 Kh8 12. Bxh6 gxh6 13. Qd2 Nh7 14. Qxh6 Qf6 15. Qh5 Rg8 16. e5 Rxg1+ 17. Kd2 Qf4+ 18. Kc2 Rg7 19. Rg1 Bxf3 20. Rg4 Bxg4 21. hxg4 Qxg4 0-1

[Event "GER T286-C57-S email"]
[Site "GER email"]
[Date "2018.11.22"]
[Round "?"]
[White "Dosch, Markus"]
[Black "Schelberg, Martin"]
[Result "0-1"]
[WhiteElo "1792"]
[BlackElo "1570"]
[PlyCount "120"]
[EventDate "2018.12.01"]
[EventType "tourn (corr)"]
[EventRounds "8"]
[EventCountry "GER"]
[SourceTitle "Corr 2022"]
[Source "ChessBase"]
[SourceDate "2021.10.24"]
[SourceVersion "1"]
[SourceVersionDate "2021.10.24"]
[SourceQuality "1"]

1. e4 e5 2. Nf3 Nc6 3. Bc4 Nf6 4. Ng5 Bc5 5. Bxf7+ Kf8 6. Bb3 Qe8 7. d3 h6 8. Nf3 d6 9. 0-0 g5 10. Be3 Bxe3 11. fxe3 Kg7 12. Qe1 Rf8 13. Nc3 Bg4 14. Qg3 Qg6 15. h4 Bxf3 16. hxg5 hxg5 17. gxf3 Nh5 18. Qg4 Nf6 19. Qg2 Nh5 20. Nd5 Rf7 21. a3 Rh8 22. Nc3 Rff8 23. Nb5 Nd4 24. Nxc7 Nf4 25. exf4 Rxf4 26. Kf2 g4 27. Rg1 Rxf3+ 28. Ke1 Re3+ 29. Kd1 Rh4 30. Qf1 Rf3 31. Qg2 Qh5 32. Ne6+ Kh7 33. Nxd4 exd4 34. Bg8+ Kh8 35. Be6 g3 36. Kc1 Rh2 37. Qxf3 Qxf3 38. Kb1 g2 39. Bd5 Qf1+ 40. Ka2 Qxa1+ 41. Rxa1 Rh1 42. Bxb7 Rxa1+ 43. Kxa1 g1Q+ 44. Ka2 Qc1 45. Kb3 Kg7 46. Ba6 Kf6 47. Bc4 Ke5 48. a4 a5 49. Ba6 Qd2 50. Bb5 Qb4+ 51. Ka2 Kf4 52. Ba6 Ke3 53. Bb5 Kd2 54. Kb1 d5 55. Bd7 Qc5 56. c4 dxc3 57. Ka2 Qb4 58. b3 c2 59. d4 c1Q 60. exd5 Qba3# 0-1

[Event "GER T286-C57-S email"]
[Site "GER email"]
[Date "2018.11.22"]
[Round "?"]
[White "Naeter, Burkhard"]
[Black "Dosch, Markus"]
[Result "1-0"]
[WhiteElo "2076"]
[BlackElo "1792"]
[PlyCount "131"]
[EventDate "2018.12.01"]
[EventType "tourn (corr)"]
[EventRounds "8"]
[EventCountry "GER"]
[SourceTitle "Corr 2022"]
[Source "ChessBase"]
[SourceDate "2021.10.24"]
[SourceVersion "1"]
[SourceVersionDate "2021.10.24"]
[SourceQuality "1"]

1. e4 e5 2. Nf3 Nc6 3. Bc4 Nf6 4. Ng5 Bc5 5. Bxf7+ Ke7 6. Bd5 Rf8 7. 0-0 d6 8. Bxc6 bxc6 9. Nf3 Kf7 10. d3 Kg8 11. Be3 Bxe3 12. fxe3 Bg4 13. h3 Be6 14. b3 Nh5 15. Nbd2 h6 16. Qe1 Qd7 17. g4 Nf6 18. Nh4 Rae8 19. Ndf3 Rf7 20. Nf5 c5 21. Rd1 Qd8 22. Qg3 c6 23. Rd2 Bxf5 24. gxf5 Qa5 25. Rg2 Qxa2 26. Kh1 Kf8 27. Rfg1 Ree7 28. Nh4 Re8 29. Qe1 Qa3 30. Nf3 Ree7 31. Qh4 Ke8 32. Rxg7 Rxg7 33. Qxf6 Rxg1+ 34. Nxg1 c4 35. dxc4 Qc5 36. Qg6+ Kd8 37. f6 Qxe3 38. fxe7+ Kxe7 39. Qg7+ Kd8 40. Qf8+ Kc7 41. Qf7+ Kb6 42. Qf3 Qd2 43. Qe2 Qf4 44. Kg2 c5 45. Qd3 Qg5+ 46. Kf1 Qf6+ 47. Ke1 a6 48. Qf3 Qg5 49. Ne2 h5 50. Qg3 Qd8 51. Nc3 a5 52. Nd5+ Kb7 53. Qg7+ Ka6 54. Kd1 h4 55. Kc1 Qc8 56. Qe7 Qb8 57. Qd7 Qb7 58. Qxd6+ Ka7 59. Qxc5+ Kb8 60. Qd6+ Ka7 61. c5 Qb5 62. c6 Qf1+ 63. Kb2 Qb1+ 64. Kxb1 Ka6 65. Qc7 a4 66. Qb6# 1-0

[Event "GER T286-C57-S email"]
[Site "GER email"]
[Date "2018.11.22"]
[Round "?"]
[White "Schelberg, Martin"]
[Black "Dosch, Markus"]
[Result "0-1"]
[WhiteElo "1570"]
[BlackElo "1792"]
[PlyCount "40"]
[EventDate "2018.12.01"]
[EventType "tourn (corr)"]
[EventRounds "8"]
[EventCountry "GER"]
[SourceTitle "Corr 2022"]
[Source "ChessBase"]
[SourceDate "2021.10.24"]
[SourceVersion "1"]
[SourceVersionDate "2021.10.24"]
[SourceQuality "1"]

1. e4 e5 2. Nf3 Nc6 3. Bc4 Nf6 4. Ng5 Bc5 5. Bxf7+ Ke7 6. Bd5 Rf8 7. 0-0 d6 8. h3 h6 9. Nf3 Nd4 10. Nxd4 Bxd4 11. Nc3 Qe8 12. d3 c6 13. Bb3 Qg6 14. Kh2 Nh5 15. Qe2 Bxh3 16. Kxh3 Rxf2 17. g4 Rxe2 18. Nxe2 Nf6 19. Nxd4 Qxg4+ 20. Kh2 exd4 0-1

[Event "GER OS-350 email"]
[Site "GER email"]
[Date "2018.06.30"]
[Round "?"]
[White "Dosch, Markus"]
[Black "Guenther, Rainer"]
[Result "1-0"]
[WhiteElo "1792"]
[BlackElo "1364"]
[PlyCount "67"]
[EventDate "2018.07.06"]
[EventType "tourn (corr)"]
[EventRounds "6"]
[EventCountry "GER"]
[SourceTitle "Corr 2022"]
[Source "ChessBase"]
[SourceDate "2021.10.24"]
[SourceVersion "1"]
[SourceVersionDate "2021.10.24"]
[SourceQuality "1"]

1. d4 Nf6 2. c4 c5 3. d5 b5 4. Nf3 g6 5. cxb5 a6 6. bxa6 Bg7 7. Nc3 0-0 8. e4 d6 9. Be2 Bxa6 10. 0-0 Nbd7 11. Bxa6 Rxa6 12. a4 Qb6 13. Qc2 Rfa8 14. h3 Ne8 15. Bd2 Nc7 16. Ra3 Rb8 17. Rb1 h6 18. a5 Qa7 19. Nd1 Nb5 20. Rb3 Kh7 21. Qd3 Nc7 22. Ne3 Rxb3 23. Qxb3 Qa8 24. Nc4 e6 25. dxe6 Nxe6 26. Qd3 Nd4 27. b4 Nxf3+ 28. Qxf3 cxb4 29. Qxf7 Qxe4 30. Rxb4 Qf5 31. Qe7 Nf6 32. Rb7 Nh5 33. g4 Qf6 34. gxh5 1-0

[Event "GER rap14 FSM/V02 email"]
[Site "GER email"]
[Date "2017.03.22"]
[Round "?"]
[White "Dosch, Markus"]
[Black "Breitschuh, Ulrich"]
[Result "1-0"]
[WhiteElo "1773"]
[BlackElo "2054"]
[PlyCount "161"]
[EventDate "2017.03.27"]
[EventType "tourn (corr)"]
[EventRounds "4"]
[EventCountry "GER"]
[SourceTitle "Corr 2022"]
[Source "ChessBase"]
[SourceDate "2021.10.24"]
[SourceVersion "1"]
[SourceVersionDate "2021.10.24"]
[SourceQuality "1"]

1. Nf3 Nf6 2. c4 e6 3. g4 Nxg4 4. Rg1 Nf6 5. d4 d5 6. Nc3 Nc6 7. Ne5 dxc4 8. Nxc6 bxc6 9. Qa4 Bd7 10. Qxc4 Rb8 11. a3 Nd5 12. e4 Nxc3 13. Qxc3 Qh4 14. Qf3 c5 15. dxc5 Bc6 16. b4 a5 17. bxa5 Bxc5 18. Qf4 Qxf4 19. Bxf4 Bd4 20. Rd1 e5 21. Be3 Bc3+ 22. Bd2 Bxd2+ 23. Kxd2 Rd8+ 24. Kc1 Rxd1+ 25. Kxd1 g6 26. Rg3 Ke7 27. a6 Kd6 28. Rd3+ Kc5 29. Kd2 Kb6 30. Rb3+ Ka7 31. Rc3 Rd8+ 32. Ke3 Kb6 33. f3 Rd1 34. Be2 Rb1 35. Bc4 Rb2 36. Bxf7 Bb5 37. f4 exf4+ 38. Kxf4 Rf2+ 39. Rf3 Rxh2 40. e5 Bc6 41. Kg3 Re2 42. Rb3+ Ka7 43. Rc3 Bb5 44. e6 Kxa6 45. Kf4 Kb6 46. Kg5 Re1 47. Rb3 Kc5 48. Kf6 Bc4 49. Rc3 Rf1+ 50. Kg5 Rg1+ 51. Kh6 Rh1+ 52. Kg7 Re1 53. e7 Rxe7 54. Rxc4+ Kb6 55. Rc3 c5 56. Kf6 Re4 57. Bd5 Rh4 58. Ke5 Kb5 59. Rb3+ Ka4 60. Bf7 Rg4 61. Re3 Kb5 62. Be6 Rd4 63. Rb3+ Ka4 64. Rg3 Kb5 65. Bf7 Rh4 66. Rb3+ Ka4 67. Rc3 Kb5 68. Be8+ Kb6 69. Rb3+ Kc7 70. a4 Rh5+ 71. Ke4 Rh4+ 72. Kd5 Rh5+ 73. Kc4 Re5 74. Bf7 Kc6 75. a5 Re4+ 76. Kd3 Rf4 77. Bc4 Rf1 78. Bb5+ Kd6 79. Kc3 Ra1 80. a6 h5 81. Kb2 1-0

[Event "GER rap14 FSM/V02 email"]
[Site "GER email"]
[Date "2017.03.22"]
[Round "?"]
[White "Dosch, Markus"]
[Black "Zordick, Milon"]
[Result "0-1"]
[WhiteElo "1773"]
[BlackElo "1984"]
[PlyCount "130"]
[EventDate "2017.03.27"]
[EventType "tourn (corr)"]
[EventRounds "4"]
[EventCountry "GER"]
[SourceTitle "Corr 2020"]
[Source "ChessBase"]
[SourceDate "2019.09.30"]
[SourceVersion "1"]
[SourceVersionDate "2019.09.30"]
[SourceQuality "1"]

1. Nf3 Nf6 2. c4 c5 3. a3 Nc6 4. d4 cxd4 5. Nxd4 g6 6. e3 Bg7 7. Nc3 0-0 8. Nc2 b6 9. Bd3 d5 10. Nb4 dxc4 11. Nxc6 Qxd3 12. Qxd3 cxd3 13. Nxe7+ Kh8 14. Nxc8 Raxc8 15. Bd2 Nd7 16. Rb1 Rfd8 17. h4 h5 18. e4 Ne5 19. b3 Nd7 20. Nd5 Re8 21. Be3 Nc5 22. f3 f5 23. Kf2 fxe4 24. Rhd1 Kh7 25. Nf4 Be5 26. g3 Rcd8 27. Nh3 exf3 28. Kxf3 Rd7 29. Bd2 Ne6 30. Ng5+ Nxg5+ 31. Bxg5 a5 32. b4 a4 33. Rbc1 Bb2 34. Rc6 Bxa3 35. Rxb6 Ra8 36. Bf6 d2 37. g4 hxg4+ 38. Kxg4 Bc1 39. h5 gxh5+ 40. Kxh5 a3 41. Be5 Kg8 42. Rh6 Kf7 43. Kh4 a2 44. Ba1 Re8 45. Rf6+ Kg8 46. Rg6+ Kh7 47. Rgg1 Rde7 48. Rdf1 Rg8 49. Rh1 Re4+ 50. Kh3 Ba3 51. Rh2 Bxb4 52. Rf7+ Kh6 53. Rf6+ Rg6 54. Rxg6+ Kxg6 55. Rg2+ Kh5 56. Rxd2 Bxd2 57. Kg3 Re3+ 58. Kf2 Kg4 59. Bd4 Rf3+ 60. Ke2 Bc3 61. Be3 a1Q 62. Kd3 Rxe3+ 63. Kc4 Qa4+ 64. Kc5 Re6 65. Kd5 Qc6# 0-1

[Event "GER rap14 FSM/V02 email"]
[Site "GER email"]
[Date "2017.03.22"]
[Round "?"]
[White "Klapp, Herwig"]
[Black "Dosch, Markus"]
[Result "1-0"]
[WhiteElo "2112"]
[BlackElo "1773"]
[PlyCount "93"]
[EventDate "2017.03.27"]
[EventType "tourn (corr)"]
[EventRounds "4"]
[EventCountry "GER"]
[SourceTitle "Corr 2020"]
[Source "ChessBase"]
[SourceDate "2019.09.30"]
[SourceVersion "1"]
[SourceVersionDate "2019.09.30"]
[SourceQuality "1"]

1. e4 h5 2. d4 g6 3. Bc4 c6 4. Nc3 e6 5. Nf3 d5 6. Bd3 Bg7 7. Bg5 f6 8. Bd2 g5 9. h3 g4 10. Nh4 f5 11. Ng6 dxe4 12. Bxe4 Rh7 13. Qe2 fxe4 14. Nxe4 Bh6 15. hxg4 Nf6 16. Bxh6 Qxd4 17. Nxf6+ Qxf6 18. gxh5 Rxh6 19. 0-0-0 Rh7 20. Rh3 e5 21. Rf3 Bf5 22. g4 Qg5+ 23. Kb1 Bxg6 24. hxg6 Re7 25. Rh1 Kd8 26. Rh8+ Kc7 27. Rf7 Rxf7 28. gxf7 Nd7 29. Rxa8 Qf6 30. Qc4 Qxf2 31. a4 Qf6 32. Rg8 Qf2 33. g5 e4 34. g6 e3 35. Qe6 e2 36. Re8 a6 37. Re7 Kb6 38. Qxe2 Qg1+ 39. Qe1 Qxe1+ 40. Rxe1 Kc7 41. g7 b5 42. a5 b4 43. f8Q c5 44. Re6 c4 45. Qd6+ Kb7 46. Qxd7+ Ka8 47. Re8# 1-0

[Event "GER T219-D06-S email"]
[Site "GER email"]
[Date "2017.03.14"]
[Round "?"]
[White "Dosch, Markus"]
[Black "Nitschke, Norbert"]
[Result "0-1"]
[WhiteElo "1747"]
[BlackElo "1717"]
[PlyCount "126"]
[EventDate "2017.03.20"]
[EventType "tourn (corr)"]
[EventRounds "8"]
[EventCountry "GER"]
[SourceTitle "Corr 2020"]
[Source "ChessBase"]
[SourceDate "2019.09.30"]
[SourceVersion "1"]
[SourceVersionDate "2019.09.30"]
[SourceQuality "1"]

1. d4 d5 2. c4 Bf5 3. Nc3 e6 4. Nf3 Nf6 5. Nh4 Be4 6. f3 c5 7. fxe4 cxd4 8. Qxd4 Nc6 9. Qd1 d4 10. Nb1 Bb4+ 11. Bd2 0-0 12. g3 Ng4 13. Bxb4 Nxb4 14. Qd2 Qa5 15. Na3 Rad8 16. Bh3 Ne3 17. Kf2 Qc5 18. Ng2 f5 19. exf5 Nxf5 20. Nf4 d3+ 21. e3 e5 22. Bxf5 exf4 23. gxf4 Rde8 24. Rae1 Rxf5 25. Kf3 Rf6 26. Rhg1 Qh5+ 27. Kf2 Qxh2+ 28. Rg2 Qh4+ 29. Kf1 Rg6 30. Rxg6 hxg6 31. Qg2 g5 32. Qxg5 Qh1+ 33. Qg1 Qh3+ 34. Qg2 Qh5 35. Nb1 Re6 36. Qg5 Qf3+ 37. Kg1 Rh6 38. Qg2 Qh5 39. Kf2 d2 40. Nxd2 Rg6 41. Qxg6 Qxg6 42. Rf1 Qc2 43. Ke2 Nd3 44. Rb1 Nxb2 45. Rxb2 Qxb2 46. a4 Qa2 47. c5 Qxa4 48. Kd3 Qb5+ 49. Kd4 Qb4+ 50. Kd3 a5 51. Ne4 a4 52. c6 Qb5+ 53. Kd4 bxc6 54. Nc3 c5+ 55. Kd5 Qd3+ 56. Kc6 Qxc3 57. e4 a3 58. e5 a2 59. e6 a1Q 60. e7 Qf6+ 61. Kd7 Qa7+ 62. Kc8 Qa8+ 63. Kd7 Qfc6# 0-1

[Event "GER T255-C57-S email"]
[Site "GER email"]
[Date "2017.03.02"]
[Round "?"]
[White "Dosch, Markus"]
[Black "Mehlhorn, Uwe"]
[Result "0-1"]
[WhiteElo "1773"]
[BlackElo "2160"]
[PlyCount "182"]
[EventDate "2017.03.06"]
[EventType "tourn (corr)"]
[EventRounds "8"]
[EventCountry "GER"]
[SourceTitle "Corr 2020"]
[Source "ChessBase"]
[SourceDate "2019.09.30"]
[SourceVersion "1"]
[SourceVersionDate "2019.09.30"]
[SourceQuality "1"]

1. e4 e5 2. Nf3 Nc6 3. Bc4 Nf6 4. Ng5 Bc5 5. Bxf7+ Ke7 6. Bd5 Rf8 7. Nf3 Nxd5 8. exd5 Nd4 9. Nxe5 d6 10. Ng4 Ke8 11. Ne3 Qh4 12. Rf1 Bf5 13. d3 Bg6 14. c3 Bh5 15. Qd2 Nf5 16. d4 Kd7 17. Qd3 Rae8 18. dxc5 dxc5 19. Na3 Qxh2 20. Qb5+ Kc8 21. Qxc5 Qxg2 22. Nb5 Rf7 23. Qc4 Rfe7 24. Qd3 Qg5 25. Kd2 Nxe3 26. fxe3 Bg6 27. Qc4 Qxe3+ 28. Kd1 Qh3 29. Bd2 Bd3 30. Nd6+ Kb8 31. Qf4 g5 32. Qf6 cxd6 33. a4 Kc7 34. b3 Bxf1 35. Qxg5 Qd3 36. Kc1 Bh3 37. Ra2 Re1+ 38. Kb2 Rb1+ 39. Ka3 Bd7 40. Qg2 Re2 41. Qxe2 Qxe2 42. c4 Qd1 43. Rb2 Ra1+ 44. Ra2 Rxa2+ 45. Kxa2 Qxd2+ 46. Ka3 a5 47. c5 dxc5 48. d6+ Kxd6 49. b4 Qxb4+ 50. Ka2 b6 51. Ka1 h5 52. Ka2 h4 53. Ka1 h3 54. Ka2 h2 55. Ka1 h1Q+ 56. Ka2 Qxa4+ 57. Kb2 c4 58. Kc3 Qc1+ 59. Kd4 c3+ 60. Kd3 Qb4 61. Ke2 Qd4 62. Kf3 Qf1+ 63. Kg3 c2 64. Kh2 c1Q 65. Kg3 Bc6 66. Kh2 Qfg1+ 67. Kh3 Qdd1 68. Kh4 Qdf1 69. Kh5 Qce1 70. Kh6 Qd1 71. Kh7 Qc1 72. Kh8 Bh1 73. Kh7 Ke6 74. Kh8 Kf6 75. Kh7 a4 76. Kh8 a3 77. Kh7 a2 78. Kh8 a1Q 79. Kh7 b5 80. Kh8 b4 81. Kh7 b3 82. Kh8 b2 83. Kh7 b1Q+ 84. Kh8 Kf5+ 85. Kh7 Ke5+ 86. Kh8 Ke4+ 87. Kh7 Kd4+ 88. Kh8 Kd3+ 89. Kh7 Kc3+ 90. Kh8 Kc2+ 91. Kh7 Kd1# 0-1

[Event "GER T255-C57-S email"]
[Site "GER email"]
[Date "2017.03.02"]
[Round "?"]
[White "Naeter, Burkhard"]
[Black "Dosch, Markus"]
[Result "1-0"]
[WhiteElo "2070"]
[BlackElo "1773"]
[PlyCount "169"]
[EventDate "2017.03.06"]
[EventType "tourn (corr)"]
[EventRounds "8"]
[EventCountry "GER"]
[SourceTitle "Corr 2020"]
[Source "ChessBase"]
[SourceDate "2019.09.30"]
[SourceVersion "1"]
[SourceVersionDate "2019.09.30"]
[SourceQuality "1"]

1. e4 e5 2. Nf3 Nc6 3. Bc4 Nf6 4. Ng5 Bc5 5. Bxf7+ Ke7 6. Bd5 Rf8 7. 0-0 d6 8. Bxc6 bxc6 9. Nf3 Bg4 10. d3 Qe8 11. Be3 Qh5 12. Nbd2 Bb6 13. a4 Bxf3 14. Qxf3 Qxf3 15. Nxf3 Bxe3 16. fxe3 Ke6 17. Rf2 Ng4 18. Re2 Rab8 19. b3 h6 20. h3 Nf6 21. Rf1 d5 22. exd5+ cxd5 23. g4 a6 24. g5 Nd7 25. Rg2 c6 26. e4 dxe4 27. dxe4 Rf7 28. gxh6 gxh6 29. Nd2 Rbf8 30. Rg6+ Rf6 31. Rfxf6+ Rxf6 32. Rxf6+ Kxf6 33. Kf2 Kg5 34. Kg3 Nc5 35. a5 Ne6 36. b4 Kf6 37. Kg4 Nd4 38. c3 Ne6 39. Kh5 Nf4+ 40. Kxh6 Nxh3 41. Nb3 Ke7 42. Nc5 Nf2 43. Kg6 Nd1 44. Nxa6 Nxc3 45. Nc5 Nb5 46. a6 Ke8 47. Kf6 Na7 48. Nd3 Kd8 49. Nxe5 Kc7 50. Nc4 c5 51. bxc5 Kb8 52. Nb6 Kc7 53. Nc8 Nxc8 54. e5 Kd7 55. Kf7 Kc6 56. Ke6 Kc7 57. Kf7 Kc6 58. Ke8 Kxc5 59. Kd8 Na7 60. Kd7 Nc6 61. e6 Nb8+ 62. Kc8 Nc6 63. Kc7 Kd5 64. e7 Nxe7 65. a7 Kc5 66. a8Q Nd5+ 67. Kb7 Kd6 68. Qh8 Kc5 69. Qe5 Kc4 70. Kc6 Nb4+ 71. Kd6 Nd3 72. Qh8 Nb4 73. Qc8+ Kb3 74. Kc5 Nc2 75. Qh8 Na3 76. Qb8+ Kc3 77. Qb4+ Kd3 78. Qxa3+ Ke4 79. Qg3 Kf5 80. Kd5 Kf6 81. Qf3+ Ke7 82. Qf2 Kd7 83. Qf7+ Kc8 84. Kc6 Kb8 85. Qb7# 1-0

[Event "GER T244-A30-S email"]
[Site "GER email"]
[Date "2017.01.15"]
[Round "?"]
[White "Cremerius, Armin"]
[Black "Dosch, Markus"]
[Result "1/2-1/2"]
[WhiteElo "1890"]
[BlackElo "1773"]
[PlyCount "63"]
[EventDate "2017.01.20"]
[EventType "tourn (corr)"]
[EventRounds "8"]
[EventCountry "GER"]
[SourceTitle "Corr 2020"]
[Source "ChessBase"]
[SourceDate "2019.09.30"]
[SourceVersion "1"]
[SourceVersionDate "2019.09.30"]
[SourceQuality "1"]

1. c4 c5 2. Nf3 Nf6 3. Nc3 e6 4. g3 b6 5. Bg2 Bb7 6. 0-0 Be7 7. e3 0-0 8. b3 d5 9. Bb2 Nc6 10. cxd5 Nxd5 11. Nxd5 Qxd5 12. d4 Rad8 13. Ne5 Qd6 14. dxc5 Qxc5 15. Nd7 Qf5 16. e4 Qg5 17. h4 Qh6 18. Bc1 g5 19. hxg5 Qg7 20. Nf6+ Bxf6 21. gxf6 Qg6 22. Qe2 Nd4 23. Qd3 Qxf6 24. Ba3 Rfe8 25. Bb2 Rd7 26. f4 Red8 27. Rad1 Qg7 28. Qe3 Ba6 29. Bxd4 Rxd4 30. Rxd4 Qxd4 31. Qxd4 Rxd4 32. Rf2 1/2-1/2

[Event "GER T245-B05-S email"]
[Site "GER email"]
[Date "2017.01.15"]
[Round "?"]
[White "Mehlhorn, Uwe"]
[Black "Dosch, Markus"]
[Result "1-0"]
[WhiteElo "2130"]
[BlackElo "1747"]
[PlyCount "115"]
[EventDate "2017.01.20"]
[EventType "tourn (corr)"]
[EventRounds "8"]
[EventCountry "GER"]
[SourceTitle "Corr 2020"]
[Source "ChessBase"]
[SourceDate "2019.09.30"]
[SourceVersion "1"]
[SourceVersionDate "2019.09.30"]
[SourceQuality "1"]

1. e4 Nf6 2. e5 Nd5 3. d4 d6 4. Nf3 Bg4 5. Be2 e6 6. 0-0 Be7 7. c4 Nb6 8. h3 Bh5 9. Nc3 0-0 10. Be3 d5 11. c5 Bxf3 12. gxf3 Nc8 13. f4 Nc6 14. b4 Bh4 15. b5 N6e7 16. Bd3 Nf5 17. Bxf5 exf5 18. Qf3 c6 19. Qh5 g6 20. Qh6 Be7 21. Rfb1 a6 22. bxc6 bxc6 23. Rb7 Na7 24. a4 Re8 25. Rab1 Nc8 26. Bd2 Ra7 27. Na2 Bf8 28. Qg5 Rxb7 29. Rxb7 Re7 30. Kg2 a5 31. Rb2 Qe8 32. Bxa5 Rd7 33. Rb8 Be7 34. Qg3 Ra7 35. Qb3 Bf8 36. Bb6 Re7 37. a5 f6 38. a6 Qd7 39. exf6 Re4 40. Ba5 Na7 41. Nc3 Re8 42. Rb7 Qe6 43. f7+ Qxf7 44. Rxf7 Kxf7 45. Qb7+ Re7 46. Bc7 Bh6 47. Kf3 Bg7 48. Bd6 Rxb7 49. axb7 g5 50. b8Q Nc8 51. Qxc8 h6 52. Qxf5+ Bf6 53. Be5 g4+ 54. hxg4 h5 55. g5 h4 56. g6+ Ke8 57. Bxf6 h3 58. Qc8# 1-0

[Event "GER T245-B05-S email"]
[Site "GER email"]
[Date "2017.01.15"]
[Round "?"]
[White "Vieth, Martin"]
[Black "Dosch, Markus"]
[Result "1-0"]
[WhiteElo "1943"]
[BlackElo "1747"]
[PlyCount "139"]
[EventDate "2017.01.20"]
[EventType "tourn (corr)"]
[EventRounds "8"]
[EventCountry "GER"]
[SourceTitle "Corr 2020"]
[Source "ChessBase"]
[SourceDate "2019.09.30"]
[SourceVersion "1"]
[SourceVersionDate "2019.09.30"]
[SourceQuality "1"]

1. e4 Nf6 2. e5 Nd5 3. d4 d6 4. Nf3 Bg4 5. exd6 exd6 6. Be2 Nc6 7. h3 Bh5 8. 0-0 Be7 9. c4 Nb6 10. b3 0-0 11. Nc3 Re8 12. Be3 Bf6 13. Qd2 d5 14. g4 Bg6 15. c5 Nc8 16. Bb5 a6 17. Bxc6 bxc6 18. Bf4 Na7 19. Rae1 Rxe1 20. Rxe1 h6 21. a4 Rb8 22. Re3 Rxb3 23. Qe2 Kh7 24. h4 Qd7 25. Bg3 Nc8 26. h5 Qxg4 27. hxg6+ fxg6 28. Nd2 Qxe2 29. Nxe2 Rb2 30. Nf3 g5 31. Be5 Bd8 32. Ng3 g4 33. Nh2 Bg5 34. Re2 Rxe2 35. Nxe2 h5 36. f3 gxf3 37. Nxf3 Kg6 38. Bxc7 Kf5 39. Ng3+ Kg4 40. Kf2 Bf6 41. Ne5+ Bxe5 42. dxe5 d4 43. e6 h4 44. Ne2 d3 45. Nd4 d2 46. Ke2 Ne7 47. Kxd2 Nd5 48. Bd6 Kg5 49. Nxc6 Kf6 50. Nd4 g5 51. Kd3 g4 52. c6 g3 53. c7 Nb6 54. e7 Kf7 55. Nf5 Nc8 56. Ng7 Nxd6 57. c8Q Nxc8 58. e8Q+ Kxg7 59. Qxc8 g2 60. Qg4+ Kf6 61. Qxg2 Ke5 62. Qe4+ Kf6 63. Qxh4+ Ke6 64. Qd4 a5 65. Ke4 Kf7 66. Qd6 Kg7 67. Kf5 Kf7 68. Qd7+ Kg8 69. Kf6 Kh8 70. Qg7# 1-0

[Event "GER T246-C90-S email"]
[Site "GER email"]
[Date "2016.12.24"]
[Round "?"]
[White "Offenborn, Heinz"]
[Black "Dosch, Markus"]
[Result "0-1"]
[WhiteElo "2112"]
[BlackElo "1773"]
[PlyCount "46"]
[EventDate "2016.12.29"]
[EventType "tourn (corr)"]
[EventRounds "8"]
[EventCountry "GER"]
[SourceTitle "Corr 2020"]
[Source "ChessBase"]
[SourceDate "2019.09.30"]
[SourceVersion "1"]
[SourceVersionDate "2019.09.30"]
[SourceQuality "1"]

1. e4 e5 2. Nf3 Nc6 3. Bb5 a6 4. Ba4 Nf6 5. 0-0 Be7 6. Re1 b5 7. Bb3 d6 8. c3 0-0 9. d3 Na5 10. Bc2 c5 11. Nbd2 Nc6 12. Nf1 Re8 13. h3 h6 14. Ng3 Bf8 15. d4 cxd4 16. cxd4 exd4 17. Nxd4 Nxd4 18. Qxd4 Be6 19. Be3 Rc8 20. Qd2 d5 21. e5 Nd7 22. f4 d4 23. Qxd4 Rxc2 0-1

[Event "GER T250-E10-S email"]
[Site "GER email"]
[Date "2016.12.11"]
[Round "?"]
[White "Dosch, Markus"]
[Black "Denker, Hans Peter"]
[Result "1-0"]
[WhiteElo "1747"]
[BlackElo "1316"]
[PlyCount "75"]
[EventDate "2016.12.15"]
[EventType "tourn (corr)"]
[EventRounds "8"]
[EventCountry "GER"]
[SourceTitle "Corr 2020"]
[Source "ChessBase"]
[SourceDate "2019.09.30"]
[SourceVersion "1"]
[SourceVersionDate "2019.09.30"]
[SourceQuality "1"]

1. d4 Nf6 2. c4 e6 3. Nf3 c5 4. d5 b5 5. dxe6 fxe6 6. cxb5 Be7 7. g3 Bb7 8. Bg2 0-0 9. 0-0 a6 10. Nc3 Nd5 11. Nxd5 Bxd5 12. bxa6 Nxa6 13. Bf4 d6 14. Re1 Bc6 15. Nd4 cxd4 16. Bxc6 Rb8 17. Qxd4 Kh8 18. Qa4 Nc5 19. Qc2 Qb6 20. Bf3 Qxb2 21. Qxb2 Rxb2 22. a4 d5 23. a5 Nb3 24. Reb1 Rxb1+ 25. Rxb1 Nxa5 26. Bg4 Nc4 27. Bxe6 Na3 28. Rb7 g5 29. Be5+ Bf6 30. Rb8 Kg7 31. Rxf8 Bxe5 32. Rf7+ Kg6 33. Bxd5 Nb5 34. Kg2 Nc3 35. Bc4 Nxe2 36. Re7 Kf6 37. Re6+ Kf5 38. Rxe5+ 1-0

[Event "GER T250-E10-S email"]
[Site "GER email"]
[Date "2016.12.11"]
[Round "?"]
[White "Dosch, Markus"]
[Black "Hoexter, Heinrich"]
[Result "1-0"]
[WhiteElo "1747"]
[BlackElo "2048"]
[PlyCount "33"]
[EventDate "2016.12.15"]
[EventType "tourn (corr)"]
[EventRounds "8"]
[EventCountry "GER"]
[SourceTitle "Corr 2020"]
[Source "ChessBase"]
[SourceDate "2019.09.30"]
[SourceVersion "1"]
[SourceVersionDate "2019.09.30"]
[SourceQuality "1"]

1. d4 Nf6 2. c4 e6 3. Nf3 c5 4. d5 b5 5. dxe6 fxe6 6. cxb5 a6 7. bxa6 Bxa6 8. g3 d5 9. Bh3 Qb6 10. 0-0 Bc8 11. e4 Nxe4 12. Nc3 Nxc3 13. bxc3 Be7 14. Bf4 0-0 15. Rb1 Qa7 16. Re1 Nc6 17. Rxe6 1-0